000
00265nam a2200097Ia 4500
001
640755
005
20250826153453.0
008
250824s9999 xx 000 0 und d
245
0
_a
EFSANE KOMUTAN ENDÜLÜS ŞAHİNİ
_c
AHMET YILMAZ BOYUNAĞA
260
_b
GENÇ TİMAŞ
999
_c
640755
_d
640755